[Event "GBR-ch106 Senior Over 65"]
[Site "Torquay"]
[Date "2019.07.30"]
[Round "2.17"]
[White "Kearsley, Raymond J"]
[Black "Milnes, Anthony CP"]
[Result "0-1"]
[WhiteElo "1598"]
[BlackElo "1974"]
[PlyCount "72"]
[EventDate "2019.07.29"]
[EventType "swiss"]
[EventRounds "7"]
[EventCountry "GBR"]

1. e4 e6 2. d4 d5 3. Nc3 Bb4 4. e5 c5 5. Bd2 Ne7 6. a3 Bxc3 7. Bxc3 cxd4 8.
Qxd4 Nbc6 9. Qg4 O-O 10. Nf3 Qc7 11. O-O-O Ng6 12. Qg3 Rb8 13. h4 b5 14. h5
Nge7 15. h6 g6 16. Qg5 b4 17. axb4 d4 18. Qf6 Nf5 19. Nxd4 Ncxd4 20. g4 Qe7 21.
Qxe7 Nxe7 22. Rxd4 Bb7 23. Rh3 Nd5 24. Be2 Rfc8 25. Kb1 a5 26. b5 Ra8 27. Bd2
Nb6 28. c4 Na4 29. Ra3 Nc5 30. Bf3 Bxf3 31. Rxf3 a4 32. Bb4 Nb3 33. Rd7 Rxc4
34. Bc3 Rxg4 35. Rfxf7 Rg1+ 36. Ka2 Ra1# 0-1

[Event "GBR-ch106 Senior Over 65"]
[Site "Torquay"]
[Date "2019.07.30"]
[Round "2.18"]
[White "Norman, Dinah M"]
[Black "Pickersgill, Adrian O"]
[Result "0-1"]
[WhiteElo "1680"]
[BlackElo "1948"]
[PlyCount "98"]
[EventDate "2019.07.29"]
[EventType "swiss"]
[EventRounds "7"]
[EventCountry "GBR"]

1. d4 d6 2. e4 Nf6 3. Nc3 c6 4. Nf3 Bg4 5. Be2 e6 6. O-O Be7 7. a4 a5 8. Nd2
Bxe2 9. Qxe2 d5 10. e5 Nfd7 11. Qg4 g6 12. Nf3 c5 13. Bh6 cxd4 14. Qxd4 Nc6 15.
Qf4 Qb6 16. Nb5 O-O-O 17. Qxf7 Nc5 18. Qf4 Ne4 19. c3 g5 20. Nxg5 Nxg5 21. Bxg5
Rdf8 22. Qd2 Bc5 23. Bf6 Rhg8 24. Rad1 Rg6 25. Nd4 Rfg8 26. g3 Nb8 27. Kg2 Nd7
28. f4 Nxf6 29. exf6 Rxf6 30. Rb1 h5 31. Nf3 Be3 32. Qd3 Bxf4 33. Qh7 Rfg6 34.
Qxh5 Qc7 35. Nd4 Bxg3 36. Rf8+ Rxf8 37. Qxg6 Bh4 38. Qxe6+ Kb8 39. Nf5 Bd8 40.
Qxd5 Ka8 41. Rd1 Qh7 42. Ng3 Rh8 43. h4 Qc2+ 44. Rd2 Qxa4 45. Qc5 Qxh4 46. Qc8+
Ka7 47. Rd7 Qh2+ 48. Kf3 Rf8+ 49. Ke4 Qg2+ 0-1

[Event "GBR-ch106 Senior Over 65"]
[Site "Torquay"]
[Date "2019.07.30"]
[Round "2.19"]
[White "Moore, Gillian A"]
[Black "Kelly, Ian G"]
[Result "0-1"]
[WhiteElo "1807"]
[BlackElo "2000"]
[PlyCount "68"]
[EventDate "2019.07.29"]
[EventType "swiss"]
[EventRounds "7"]
[EventCountry "GBR"]

1. d4 Nf6 2. Nc3 g6 3. Bf4 Bg7 4. e4 d6 5. Qd2 Na6 6. O-O-O c6 7. Nf3 O-O 8. h3
Nc7 9. Bh6 b5 10. Bxg7 Kxg7 11. Bd3 b4 12. Na4 Rb8 13. Qe2 Nb5 14. Bc4 Qa5 15.
Bb3 Ba6 16. Qe3 Nc7 17. Nd2 Bb5 18. Qg5 h6 19. Nc4 Qa6 20. Nc5 hxg5 21. Nxa6
Bxa6 22. e5 dxe5 23. Nxe5 Bb5 24. Rhe1 Ncd5 25. g3 a5 26. Bxd5 cxd5 27. Nf3 Ne4
28. Ne5 e6 29. g4 Rbc8 30. a3 Rc7 31. axb4 axb4 32. Nd3 Bxd3 33. Rxd3 Rfc8 34.
Re2 Ra8 0-1

[Event "GBR-ch106 Senior Over 65"]
[Site "Torquay"]
[Date "2019.07.30"]
[Round "2.20"]
[White "Ramage, Colin R"]
[Black "Levens, David G"]
[Result "1-0"]
[WhiteElo "1798"]
[BlackElo "1904"]
[PlyCount "55"]
[EventDate "2019.07.29"]
[EventType "swiss"]
[EventRounds "7"]
[EventCountry "GBR"]

1. e4 c5 2. d4 cxd4 3. c3 d3 4. Bxd3 d6 5. Nf3 Nc6 6. Be3 Nf6 7. O-O e6 8. Qc2
Be7 9. Rd1 Bd7 10. Nbd2 Rc8 11. Bb5 Qa5 12. Bxc6 bxc6 13. Nc4 Qc7 14. e5 dxe5
15. Ncxe5 Rd8 16. Nxd7 Nxd7 17. Qa4 Nb6 18. Rxd8+ Bxd8 19. Bxb6 axb6 20. Nd4
O-O 21. Qxc6 Qf4 22. Qf3 Qh6 23. Rd1 Bc7 24. g3 e5 25. Nb5 Bb8 26. Qd5 Qf6 27.
Nd6 Rd8 28. Ne4 1-0

[Event "GBR-ch106 Senior Over 65"]
[Site "Torquay"]
[Date "2019.07.30"]
[Round "2.21"]
[White "Hughes, Peter"]
[Black "Smith, David"]
[Result "1-0"]
[WhiteElo "1794"]
[BlackElo "1878"]
[PlyCount "41"]
[EventDate "2019.07.29"]
[EventType "swiss"]
[EventRounds "7"]
[EventCountry "GBR"]

1. d4 Nf6 2. c4 e6 3. Nc3 c5 4. d5 exd5 5. cxd5 d6 6. e4 g6 7. f4 Nbd7 8. Nf3
a6 9. a4 Bg7 10. Be2 O-O 11. O-O Qc7 12. e5 dxe5 13. d6 Qd8 14. fxe5 Ng4 15.
Bg5 Qe8 16. Be7 Ne3 17. Qd2 Nxf1 18. Rxf1 Nxe5 19. Nd5 Qxa4 20. Bxf8 Kxf8 21.
Nb6 1-0

[Event "GBR-ch106 Senior Over 65"]
[Site "Torquay"]
[Date "2019.07.30"]
[Round "2.22"]
[White "Charnley, Bernard J"]
[Black "Blewitt, Stephen D"]
[Result "1/2-1/2"]
[WhiteElo "1875"]
[BlackElo "1744"]
[PlyCount "88"]
[EventDate "2019.07.29"]
[EventType "swiss"]
[EventRounds "7"]
[EventCountry "GBR"]

1. e4 c5 2. Nc3 d6 3. g3 g6 4. Bg2 Bg7 5. d3 Nc6 6. Be3 Nf6 7. h3 Qb6 8. Nge2
Nd4 9. Rb1 O-O 10. O-O Bd7 11. Qd2 Bxh3 12. f3 Bxg2 13. Kxg2 e6 14. Rh1 h5 15.
Bh6 Kh7 16. Bxg7 Kxg7 17. Nf4 Rh8 18. Nd1 Rae8 19. c3 Nc6 20. Ne3 Qc7 21. d4
cxd4 22. cxd4 Qd7 23. d5 Ne5 24. dxe6 fxe6 25. Rbd1 Rd8 26. Qb4 Rhe8 27. Rd2
Nc6 28. Qc3 e5 29. Nfd5 Nxd5 30. Nxd5 Rc8 31. Qe3 Rf8 32. g4 Nd4 33. Rxd4 exd4
34. Qxd4+ Kg8 35. e5 Rc5 36. gxh5 Rc2+ 37. Kg3 gxh5 38. Rg1 Rf7 39. Nf6+ Rxf6
40. exf6 Kf7 41. Kf4 Qe6 42. Rg7+ Kf8 43. b3 Rc5 44. Rg5 b6 1/2-1/2

[Event "GBR-ch106 Senior Over 65"]
[Site "Torquay"]
[Date "2019.07.30"]
[Round "2.23"]
[White "Walkowiak, Adam"]
[Black "Collins, Peter M"]
[Result "1/2-1/2"]
[WhiteElo "1698"]
[BlackElo "1868"]
[PlyCount "104"]
[EventDate "2019.07.29"]
[EventType "swiss"]
[EventRounds "7"]
[EventCountry "GBR"]

1. d4 Nf6 2. c4 g6 3. Nc3 Bg7 4. e4 d6 5. Be2 O-O 6. Bg5 h6 7. Be3 Nbd7 8. Qd2
Kh7 9. h3 e5 10. dxe5 Nxe5 11. f4 Nc6 12. Nf3 Qe7 13. Bd3 Bd7 14. O-O-O Nb4 15.
Bb1 Bc6 16. Nd5 Bxd5 17. exd5 a5 18. Rhe1 Qd7 19. Bd4 Ne8 20. a3 Na6 21. f5
Bxd4 22. fxg6+ fxg6 23. Nxd4 Qf7 24. Ne6 Rg8 25. Rf1 Qe7 26. Rde1 Ng7 27. Qc2
Nxe6 28. Rxe6 Qg5+ 29. Qd2 Qxd2+ 30. Kxd2 Rg7 31. Rxg6 Rxg6 32. Rf7+ Kg8 33.
Bxg6 Rf8 34. Rxf8+ Kxf8 35. Kc3 Ke7 36. Bf5 Nc5 37. b4 axb4+ 38. axb4 Na4+ 39.
Kb3 Nb6 40. Be4 Nd7 41. Kc3 b6 42. Kd4 Kf6 43. Bd3 Kg5 44. g3 Kf6 45. Ke4 Ne5
46. Be2 Nd7 47. h4 Ne5 48. Kd4 Kf5 49. c5 bxc5+ 50. bxc5 dxc5+ 51. Kxc5 Ke4 52.
Bh5 Nd3+ 1/2-1/2

[Event "GBR-ch106 Senior Over 65"]
[Site "Torquay"]
[Date "2019.07.30"]
[Round "2.24"]
[White "Fisher, C Phillip"]
[Black "Rhodes, Lawrence"]
[Result "1-0"]
[WhiteElo "1843"]
[BlackElo "1607"]
[PlyCount "41"]
[EventDate "2019.07.29"]
[EventType "swiss"]
[EventRounds "7"]
[EventCountry "GBR"]

1. e4 g6 2. d4 Bg7 3. Nc3 d6 4. f4 a6 5. Be3 Nd7 6. Nf3 b5 7. Bd3 Bb7 8. h3 h5
9. e5 e6 10. O-O Nh6 11. Bf2 Bxf3 12. Qxf3 d5 13. Ne2 Bf8 14. g4 hxg4 15. hxg4
f5 16. exf6 Qxf6 17. g5 Qg7 18. gxh6 Qxh6 19. Bg3 c5 20. Kf2 c4 21. Rh1 1-0

[Event "GBR-ch106 Senior Over 65"]
[Site "Torquay"]
[Date "2019.07.30"]
[Round "2.25"]
[White "Tidmarsh, David A"]
[Black "O'Brien, Paul W"]
[Result "1-0"]
[WhiteElo "1809"]
[BlackElo "1590"]
[PlyCount "79"]
[EventDate "2019.07.29"]
[EventType "swiss"]
[EventRounds "7"]
[EventCountry "GBR"]

1. e4 c5 2. Nf3 d6 3. d4 cxd4 4. Nxd4 Nf6 5. Nc3 g6 6. Be3 Bg7 7. f3 O-O 8. Qd2
Nc6 9. g4 Be6 10. h4 h5 11. gxh5 Nxh5 12. O-O-O Nxd4 13. Bxd4 Qa5 14. Bxg7 Kxg7
15. a3 Qe5 16. Bd3 Qf4 17. Qxf4 Nxf4 18. Ne2 Nxd3+ 19. Rxd3 Bc4 20. Rd2 Bxe2
21. Rxe2 Rh8 22. e5 dxe5 23. Rxe5 Kf6 24. Re4 Rad8 25. Rd1 Rxd1+ 26. Kxd1 Rd8+
27. Ke2 Rd5 28. b4 Re5 29. Ke3 Rxe4+ 30. Kxe4 Ke6 31. c4 Kd6 32. f4 b6 33. Kd4
e6 34. c5+ bxc5+ 35. bxc5+ Kc6 36. Ke5 Kxc5 37. Kf6 Kc4 38. Kxf7 Kb3 39. Kxg6
Kxa3 40. h5 1-0

[Event "GBR-ch106 Senior Over 65"]
[Site "Torquay"]
[Date "2019.07.31"]
[Round "3.1"]
[White "Habershon, Paul F"]
[Black "Norman, Kenneth I"]
[Result "1/2-1/2"]
[WhiteElo "2017"]
[BlackElo "2121"]
[PlyCount "60"]
[EventDate "2019.07.29"]
[EventType "swiss"]
[EventRounds "7"]
[EventCountry "GBR"]

1. Nf3 Nf6 2. d4 g6 3. Bg5 Bg7 4. Nbd2 O-O 5. e4 d6 6. Bd3 h6 7. Bh4 Qe8 8. O-O
e6 9. Re1 Nbd7 10. c3 e5 11. Qc2 Nh5 12. Bg3 Nxg3 13. hxg3 Qe7 14. Rad1 Nf6 15.
Nc4 Ng4 16. Ne3 Nxe3 17. Rxe3 Bg4 18. Be2 Rad8 19. Nh2 Bc8 20. Bg4 Bxg4 21.
Nxg4 h5 22. Nh2 exd4 23. cxd4 c5 24. Nf3 b6 25. Qc4 Rfe8 26. Qd5 Rc8 27. e5
dxe5 28. Nxe5 Bxe5 29. Rxe5 Qf6 30. Rxe8+ Rxe8 1/2-1/2

[Event "GBR-ch106 Senior Over 65"]
[Site "Torquay"]
[Date "2019.07.31"]
[Round "3.2"]
[White "Shephard, Chris CW"]
[Black "Burnett, Jim"]
[Result "0-1"]
[WhiteElo "2214"]
[BlackElo "2018"]
[PlyCount "84"]
[EventDate "2019.07.29"]
[EventType "swiss"]
[EventRounds "7"]
[EventCountry "GBR"]

1. d3 d5 2. Nf3 Nf6 3. Nbd2 e6 4. e4 Bc5 5. e5 Nfd7 6. d4 Be7 7. Bd3 c5 8. c3
Nc6 9. O-O a5 10. Re1 cxd4 11. cxd4 Qb6 12. Qa4 Qb4 13. Bb5 Qxa4 14. Bxa4 Nb6
15. Bxc6+ bxc6 16. Nf1 h6 17. Bd2 Bd7 18. Ne3 O-O 19. Rac1 Rfb8 20. Rc2 Nc8 21.
h3 Rb5 22. g4 Ra6 23. Kg2 Be8 24. Nd1 a4 25. Nc3 Rb8 26. Bc1 Nb6 27. Rce2 Nd7
28. Rc2 c5 29. dxc5 Nxc5 30. Rd1 Kh7 31. h4 Rab6 32. h5 R8b7 33. Rd4 f6 34. Kh3
g6 35. hxg6+ Bxg6 36. Re2 Nd3 37. Be3 fxe5 38. Nxe5 Nxe5 39. Rxa4 Rxb2 40. Rxb2
Rxb2 41. Ra7 Nc6 42. Rc7 d4 0-1

[Event "GBR-ch106 Senior Over 65"]
[Site "Torquay"]
[Date "2019.07.31"]
[Round "3.3"]
[White "Hewson, Brian WR"]
[Black "Emerson, Roger"]
[Result "1/2-1/2"]
[WhiteElo "2035"]
[BlackElo "2181"]
[PlyCount "82"]
[EventDate "2019.07.29"]
[EventType "swiss"]
[EventRounds "7"]
[EventCountry "GBR"]

1. Nf3 Nf6 2. d4 g6 3. g3 Bg7 4. Bg2 d6 5. Nbd2 O-O 6. b3 c5 7. e3 cxd4 8. exd4
Nc6 9. Bb2 Bg4 10. h3 Bf5 11. O-O d5 12. Ne5 Rc8 13. Nxc6 Rxc6 14. c4 Rc7 15.
Re1 Be6 16. c5 Qd7 17. Kh2 b6 18. b4 bxc5 19. bxc5 Rb8 20. Bc3 Rcb7 21. Qe2 Qa4
22. Rec1 Nd7 23. Nb3 Rc8 24. Bf1 Nb8 25. Na5 Rbc7 26. Qb5 Qxb5 27. Bxb5 Bd7 28.
Rab1 e5 29. Bd2 Bxb5 30. Rxb5 Nc6 31. Nxc6 Rxc6 32. dxe5 Bxe5 33. Kg2 a6 34.
Ra5 Rb8 35. Ra4 d4 36. Rb4 Rbc8 37. Rbc4 f5 38. Kf3 Kf7 39. Ke2 Ke6 40. Kd3 Kd5
41. Bf4 Bxf4 1/2-1/2

[Event "GBR-ch106 Senior Over 65"]
[Site "Torquay"]
[Date "2019.07.31"]
[Round "3.4"]
[White "Friedgood, David"]
[Black "Jones, Chris"]
[Result "1-0"]
[WhiteElo "2177"]
[BlackElo "2036"]
[PlyCount "121"]
[EventDate "2019.07.29"]
[EventType "swiss"]
[EventRounds "7"]
[EventCountry "GBR"]

1. c4 e5 2. Nc3 Nf6 3. Nf3 Nc6 4. e4 Bb4 5. d3 d6 6. g3 O-O 7. Bg2 a5 8. O-O
Bg4 9. h3 Bxf3 10. Qxf3 Nd4 11. Qd1 Bc5 12. b3 c6 13. Bb2 Re8 14. Rc1 h6 15.
Kh2 Ne6 16. Qd2 Bd4 17. Ne2 Bxb2 18. Qxb2 c5 19. f4 Nd4 20. Nxd4 cxd4 21. fxe5
dxe5 22. Rf5 Rc8 23. a3 g6 24. Rf3 Re6 25. b4 axb4 26. axb4 Ra8 27. b5 b6 28.
Rcf1 Ra7 29. Kh1 Kg7 30. h4 h5 31. Bh3 Rd6 32. Qc1 Rc7 33. Qg5 Ng4 34. Bxg4
Qxg5 35. hxg5 hxg4 36. Rf6 Rcd7 37. Kg2 Re6 38. Rxe6 fxe6 39. Rf6 Re7 40. Kf2
Rf7 41. c5 Rb7 42. c6 Re7 43. Ke2 Re8 44. Kd2 Re7 45. Rf1 Ra7 46. Rc1 Ra8 47.
Kc2 Kf7 48. Rh1 Ke7 49. Rh7+ Kd6 50. Rg7 Kc5 51. Rxg6 Kxb5 52. Rxe6 Rg8 53. g6
Rg7 54. Kb3 Kc5 55. Rf6 b5 56. Ka3 Ra7+ 57. Kb2 Rg7 58. Kb3 b4 59. Re6 Kb5 60.
Rxe5+ Kxc6 61. Rg5 1-0

[Event "GBR-ch106 Senior Over 65"]
[Site "Torquay"]
[Date "2019.07.31"]
[Round "3.5"]
[White "Orton, Stephen LA"]
[Black "Myall, Ivan J"]
[Result "0-1"]
[WhiteElo "2167"]
[BlackElo "1993"]
[PlyCount "98"]
[EventDate "2019.07.29"]
[EventType "swiss"]
[EventRounds "7"]
[EventCountry "GBR"]

1. e4 e5 2. Nf3 Nc6 3. d4 exd4 4. Bc4 Nf6 5. e5 d5 6. Bb5 Ne4 7. Nxd4 Bd7 8.
Bxc6 bxc6 9. O-O Bc5 10. f3 Ng5 11. Be3 Bxd4 12. Qxd4 Ne6 13. Qd2 Qb8 14. c4
Qb7 15. Nc3 Rd8 16. Rad1 d4 17. Bxd4 c5 18. Bf2 Ba4 19. Qxd8+ Nxd8 20. Nxa4 O-O
21. b3 Ne6 22. Nxc5 Qc6 23. Nxe6 fxe6 24. Rd2 a5 25. Rfd1 a4 26. b4 Qxc4 27.
Bc5 Re8 28. g3 h5 29. Kf2 Kh7 30. Rd7 Qxa2+ 31. R1d2 Qb1 32. Rxc7 Ra8 33. Rdd7
Qg6 34. b5 a3 35. Bd4 a2 36. Ra7 Rxa7 37. Rxa7 Qd3 38. Rxa2 Qxd4+ 39. Kg2 Qxe5
40. b6 Qb5 41. b7 Qxb7 42. Re2 Qc6 43. Kf2 Kg6 44. Kg2 Kf5 45. h4 e5 46. Kf2
Qc5+ 47. Kg2 Qd4 48. Kf1 Qd1+ 49. Kf2 Qh1 0-1

[Event "GBR-ch106 Senior Over 65"]
[Site "Torquay"]
[Date "2019.07.31"]
[Round "3.6"]
[White "Bowmer, Kevin"]
[Black "Moore, Geoffrey R"]
[Result "1/2-1/2"]
[WhiteElo "2107"]
[BlackElo "1964"]
[PlyCount "86"]
[EventDate "2019.07.29"]
[EventType "swiss"]
[EventRounds "7"]
[EventCountry "GBR"]

1. e4 e5 2. Nf3 Nc6 3. Bb5 a6 4. Ba4 d6 5. O-O Bd7 6. c3 g6 7. d4 Bg7 8. Re1 h6
9. h3 b5 10. Bb3 Nf6 11. Nbd2 O-O 12. Nf1 Re8 13. Ng3 Na5 14. Bc2 c5 15. b3 Nc6
16. dxc5 dxc5 17. Be3 Qe7 18. Qe2 b4 19. cxb4 Nxb4 20. Bd3 Nxd3 21. Qxd3 Bb5
22. Qc3 Nd7 23. Rac1 Bf8 24. a4 Bc6 25. b4 Bxa4 26. bxc5 Nb8 27. Nd2 Nc6 28.
Nc4 Rab8 29. Nb6 Bb5 30. Nd5 Qd8 31. Nf1 Bg7 32. Nd2 f5 33. f3 fxe4 34. fxe4
Rf8 35. Nf3 Kh7 36. Nb6 Nd4 37. Bxd4 exd4 38. Qd2 d3 39. e5 Re8 40. Nc4 Bxc4
41. Rxc4 Qd5 42. Qc3 d2 43. Rd1 Bxe5 1/2-1/2

[Event "GBR-ch106 Senior Over 65"]
[Site "Torquay"]
[Date "2019.07.31"]
[Round "3.7"]
[White "Milnes, Anthony CP"]
[Black "Page, Mark E"]
[Result "0-1"]
[WhiteElo "1974"]
[BlackElo "2102"]
[PlyCount "88"]
[EventDate "2019.07.29"]
[EventType "swiss"]
[EventRounds "7"]
[EventCountry "GBR"]

1. f4 c5 2. Nf3 Nc6 3. e4 g6 4. Nc3 Bg7 5. Bb5 Nd4 6. O-O e6 7. Nxd4 cxd4 8.
Ne2 Ne7 9. Bd3 d5 10. c3 dxe4 11. Bxe4 O-O 12. cxd4 Bxd4+ 13. Kh1 Bg7 14. Nc3
Rb8 15. d3 Nc6 16. Be3 Nd4 17. Ne2 b5 18. Nxd4 Bxd4 19. Qd2 Bb7 20. Rfd1 Qb6
21. Bxd4 Qxd4 22. Qc3 Rfd8 23. Re1 Qxc3 24. bxc3 Bxe4 25. dxe4 Rbc8 26. Re3 Rd2
27. h3 Rc4 28. Rb1 Ra4 29. Rxb5 Raxa2 30. Rg3 Re2 31. Re5 a5 32. c4 a4 33. c5
Rac2 34. h4 a3 35. Rxa3 Rxg2 36. Rg5 Rh2+ 37. Kg1 Rhe2 38. Rf3 Rxe4 39. h5 Kf8
40. hxg6 hxg6 41. Rf2 Rxf2 42. Kxf2 Rxf4+ 43. Ke3 Rf5 44. Rxf5 gxf5 0-1

[Event "GBR-ch106 Senior Over 65"]
[Site "Torquay"]
[Date "2019.07.31"]
[Round "3.8"]
[White "Brameld, Arthur F"]
[Black "Campbell, Ian"]
[Result "1/2-1/2"]
[WhiteElo "2091"]
[BlackElo "1945"]
[PlyCount "48"]
[EventDate "2019.07.29"]
[EventType "swiss"]
[EventRounds "7"]
[EventCountry "GBR"]

1. d4 g6 2. Nc3 Bg7 3. e4 d6 4. f4 e6 5. Be3 Ne7 6. Qd2 a6 7. a4 b6 8. Bd3 Bb7
9. Nf3 Nd7 10. O-O d5 11. exd5 Nxd5 12. Nxd5 Bxd5 13. Rae1 O-O 14. Ne5 Nxe5 15.
fxe5 Bc6 16. b3 b5 17. axb5 axb5 18. c3 f6 19. exf6 Rxf6 20. Rxf6 Bxf6 21. Bf4
Qd7 22. b4 Bd5 23. Bb1 c6 24. Be5 Rf8 1/2-1/2

[Event "GBR-ch106 Senior Over 65"]
[Site "Torquay"]
[Date "2019.07.31"]
[Round "3.9"]
[White "Blewitt, Stephen D"]
[Black "Anderton, David W"]
[Result "1/2-1/2"]
[WhiteElo "1744"]
[BlackElo "2088"]
[PlyCount "51"]
[EventDate "2019.07.29"]
[EventType "swiss"]
[EventRounds "7"]
[EventCountry "GBR"]

1. b3 e5 2. e3 Nc6 3. Bb2 d6 4. d4 exd4 5. exd4 d5 6. Nf3 Nf6 7. Bb5 Bd7 8. O-O
Be7 9. Nbd2 O-O 10. Re1 Bg4 11. Be2 Bd6 12. c4 Re8 13. a3 Bf4 14. b4 Bxd2 15.
Nxd2 Bxe2 16. Rxe2 Rxe2 17. Qxe2 dxc4 18. Qxc4 Nd5 19. Nf3 Nce7 20. Re1 Qd6 21.
Bc1 h6 22. Qe2 Ng6 23. Qb5 b6 24. Re8+ Rxe8 25. Qxe8+ Qf8 26. Qd7 1/2-1/2

[Event "GBR-ch106 Senior Over 65"]
[Site "Torquay"]
[Date "2019.07.31"]
[Round "3.10"]
[White "Pickersgill, Adrian O"]
[Black "Wright, Daniel"]
[Result "1/2-1/2"]
[WhiteElo "1948"]
[BlackElo "2235"]
[PlyCount "44"]
[EventDate "2019.07.29"]
[EventType "swiss"]
[EventRounds "7"]
[EventCountry "GBR"]

1. e4 c5 2. Nc3 e6 3. f4 d5 4. Nf3 dxe4 5. Nxe4 Nf6 6. Bb5+ Bd7 7. Qe2 a6 8.
Bxd7+ Nbxd7 9. d3 Be7 10. O-O O-O 11. Bd2 Qc7 12. c4 Rad8 13. Rad1 Rfe8 14. g3
Qc6 15. b3 Nxe4 16. dxe4 Bf6 17. e5 Be7 18. Bc3 Nb8 19. h4 Rxd1 20. Rxd1 Rd8
21. Rxd8+ Bxd8 22. Nd2 Be7 1/2-1/2

[Event "GBR-ch106 Senior Over 65"]
[Site "Torquay"]
[Date "2019.07.31"]
[Round "3.11"]
[White "Gamble, Raymond J"]
[Black "Hutchinson, Paul A"]
[Result "1/2-1/2"]
[WhiteElo "1835"]
[BlackElo "2177"]
[PlyCount "67"]
[EventDate "2019.07.29"]
[EventType "swiss"]
[EventRounds "7"]
[EventCountry "GBR"]

1. d4 d5 2. Nf3 Nf6 3. e3 e6 4. Bd3 c5 5. c3 Nc6 6. Nbd2 Bd6 7. O-O O-O 8. dxc5
Bxc5 9. e4 e5 10. exd5 Qxd5 11. Qe2 Bg4 12. Ne4 Nxe4 13. Bxe4 Qe6 14. h3 Bxf3
15. Qxf3 a5 16. Bd5 Qg6 17. Re1 Rae8 18. Be3 Bxe3 19. Rxe3 Nd8 20. Rae1 Qd6 21.
Bb3 Qc7 22. Qd5 Nc6 23. Ba4 Rd8 24. Qc5 f6 25. b4 axb4 26. cxb4 Qd6 27. Qxd6
Rxd6 28. Bxc6 Rxc6 29. Rd3 Ra8 30. a3 Rc7 31. Red1 Re7 32. Rd8+ Rxd8 33. Rxd8+
Kf7 34. a4 1/2-1/2

[Event "GBR-ch106 Senior Over 65"]
[Site "Torquay"]
[Date "2019.07.31"]
[Round "3.12"]
[White "Bray, Dave J"]
[Black "Fisher, C Phillip"]
[Result "1-0"]
[WhiteElo "2085"]
[BlackElo "1843"]
[PlyCount "33"]
[EventDate "2019.07.29"]
[EventType "swiss"]
[EventRounds "7"]
[EventCountry "GBR"]

1. e4 c5 2. Nf3 e6 3. d4 cxd4 4. Nxd4 a6 5. Nc3 Qc7 6. Be2 Bd6 7. Be3 Nf6 8.
Qd2 Nc6 9. Ndb5 axb5 10. Nxb5 Qa5 11. Nxd6+ Ke7 12. c3 Qe5 13. Bf4 Nxe4 14. Qe3
Qxd6 15. Bxd6+ Nxd6 16. Qg5+ Kf8 17. Qc5 1-0

[Event "GBR-ch106 Senior Over 65"]
[Site "Torquay"]
[Date "2019.07.31"]
[Round "3.13"]
[White "Wager, John D"]
[Black "Marshall, Michael O"]
[Result "1-0"]
[WhiteElo "2014"]
[BlackElo "1885"]
[PlyCount "78"]
[EventDate "2019.07.29"]
[EventType "swiss"]
[EventRounds "7"]
[EventCountry "GBR"]

1. c4 c5 2. Nf3 Nc6 3. g3 g6 4. Bg2 Bg7 5. O-O e6 6. Nc3 Nge7 7. d3 O-O 8. Bd2
a6 9. a3 Rb8 10. Qc1 b5 11. cxb5 axb5 12. Bh6 Nf5 13. Bxg7 Kxg7 14. Ne4 Nfd4
15. Nxd4 Nxd4 16. Re1 f6 17. Qc3 d6 18. b4 Bb7 19. bxc5 dxc5 20. Nxc5 Bc8 21.
e3 Nf5 22. d4 Ne7 23. Red1 Qb6 24. Rac1 Nd5 25. Qb3 Rd8 26. e4 Ne7 27. h3 h5
28. Kh2 g5 29. f4 gxf4 30. gxf4 Ng6 31. e5 f5 32. d5 exd5 33. Rg1 h4 34. Bf3
Kh6 35. Be2 d4 36. Qf3 Rh8 37. Qh5+ Kg7 38. Qg5 Rg8 39. e6 Kf8 1-0

[Event "GBR-ch106 Senior Over 65"]
[Site "Torquay"]
[Date "2019.07.31"]
[Round "3.14"]
[White "Kelly, Ian G"]
[Black "Tidmarsh, David A"]
[Result "1-0"]
[WhiteElo "2000"]
[BlackElo "1809"]
[PlyCount "85"]
[EventDate "2019.07.29"]
[EventType "swiss"]
[EventRounds "7"]
[EventCountry "GBR"]

1. Nf3 d5 2. c4 c6 3. b3 Bf5 4. g3 e6 5. Bg2 h6 6. O-O Nf6 7. Bb2 Nbd7 8. d4
Be7 9. Nbd2 O-O 10. Ne5 Nxe5 11. dxe5 Nd7 12. e4 dxe4 13. Nxe4 Bxe4 14. Bxe4
Qc7 15. Qe2 Rfd8 16. Rac1 g6 17. Bb1 Kg7 18. h4 Nf8 19. h5 Rd7 20. hxg6 fxg6
21. Rfd1 Rad8 22. Kg2 Bc5 23. f4 Bd4 24. Bxd4 Rxd4 25. Rxd4 Rxd4 26. Rd1 Qd7
27. Rd3 Rxd3 28. Qxd3 Qxd3 29. Bxd3 Nd7 30. Kf3 g5 31. Bc2 a5 32. a3 b5 33.
cxb5 cxb5 34. b4 axb4 35. axb4 Nb6 36. Bb3 gxf4 37. gxf4 Nd5 38. f5 Nxb4 39.
Bxe6 Nd3 40. Ke4 Nc5+ 41. Kd5 Nxe6 42. Kxe6 Kf8 43. Kd7 1-0

[Event "GBR-ch106 Senior Over 65"]
[Site "Torquay"]
[Date "2019.07.31"]
[Round "3.15"]
[White "Dennis, Nigel W"]
[Black "Hutchinson, Norman A"]
[Result "0-1"]
[WhiteElo "1745"]
[BlackElo "1983"]
[PlyCount "188"]
[EventDate "2019.07.29"]
[EventType "swiss"]
[EventRounds "7"]
[EventCountry "GBR"]

1. e4 c6 2. d4 d5 3. exd5 cxd5 4. c4 Nf6 5. Nc3 Nc6 6. Bg5 dxc4 7. Bxc4 Qxd4 8.
Qb3 e6 9. Nf3 Qc5 10. Rd1 a6 11. Be3 Qb4 12. Qxb4 Bxb4 13. O-O O-O 14. Bb6 Nd7
15. Bc7 b5 16. Bb3 Ra7 17. Bd6 Bxd6 18. Rxd6 Na5 19. Rfd1 Nxb3 20. axb3 Nc5 21.
b4 Nd7 22. Nd4 Ne5 23. Nb3 Rc7 24. Rd8 Nc4 25. Nc5 Nxb2 26. Rxf8+ Kxf8 27. Ra1
Nd3 28. Nxd3 Rxc3 29. Nc5 a5 30. Ne4 Rc4 31. Nd6 Rc6 32. Nxc8 Rxc8 33. bxa5 b4
34. g3 b3 35. Rb1 Ra8 36. Rxb3 Rxa5 37. h4 Ke7 38. Kg2 h5 39. Rb7+ Kf6 40. Rb6
Ra7 41. Rb5 g6 42. Rc5 e5 43. Rb5 Kf5 44. Rc5 Ra2 45. Rb5 Rd2 46. Ra5 Rd6 47.
Rb5 Ke6 48. Ra5 Rd5 49. Ra6+ Kf5 50. Ra7 f6 51. Ra6 Rd7 52. Ra5 g5 53. hxg5
Kxg5 54. Ra4 Rd4 55. Ra8 h4 56. Rg8+ Kf5 57. Kh3 Rd2 58. f3 Rf2 59. Rf8 Rxf3
60. Kxh4 Rf1 61. g4+ Ke4 62. Kg3 Rg1+ 63. Kh3 Rh1+ 64. Kg2 Rh6 65. Kg3 Rg6 66.
Rf7 Ke3 67. Rf8 Ke2 68. Rf7 Ke3 69. Rf8 Ke4 70. Rf7 Kd5 71. Kf3 Ke6 72. Ra7 Rg8
73. Ra6+ Kf7 74. Rb6 Ra8 75. Rb4 Kg6 76. Rc4 Kg5 77. Rb4 Ra3+ 78. Kf2 Kg6 79.
Rc4 Kg5 80. Rb4 Rd3 81. Rb6 Rd4 82. Kf3 Rf4+ 83. Ke3 Kxg4 84. Rb8 Kf5 85. Rb5
Rh4 86. Kf3 Rh3+ 87. Kg2 Ra3 88. Kf2 Kf4 89. Rb6 Ra2+ 90. Ke1 f5 91. Rb4+ e4
92. Rc4 Kf3 93. Rc5 f4 94. Rc3+ e3 0-1

[Event "GBR-ch106 Senior Over 65"]
[Site "Torquay"]
[Date "2019.07.31"]
[Round "3.16"]
[White "Thynne, Trefor F"]
[Black "Ramage, Colin R"]
[Result "1/2-1/2"]
[WhiteElo "1913"]
[BlackElo "1798"]
[PlyCount "66"]
[EventDate "2019.07.29"]
[EventType "swiss"]
[EventRounds "7"]
[EventCountry "GBR"]

1. d4 d5 2. Bf4 c5 3. e3 Nc6 4. c3 e6 5. Nf3 Bd6 6. Bg3 Nf6 7. Nbd2 cxd4 8.
exd4 O-O 9. Bd3 Re8 10. Ne5 Qc7 11. f4 Ne7 12. O-O Nf5 13. Bf2 Ne4 14. Bxe4
dxe4 15. Nxe4 f6 16. Nxd6 Qxd6 17. g4 Nh6 18. Nd3 Bd7 19. Bg3 Bb5 20. h3 Rad8
21. a4 Bc6 22. Nb4 Be4 23. Qe2 f5 24. Rad1 a5 25. Nd3 Bc6 26. Ne5 Bxa4 27. Ra1
b5 28. Rfb1 Rc8 29. Be1 Qd5 30. Qg2 Qxg2+ 31. Kxg2 Bc2 32. Rc1 Be4+ 33. Kg3 a4
1/2-1/2

[Event "GBR-ch106 Senior Over 65"]
[Site "Torquay"]
[Date "2019.07.31"]
[Round "3.17"]
[White "Stimpson, Philip M"]
[Black "Hughes, Peter"]
[Result "1-0"]
[WhiteElo "1935"]
[BlackElo "1794"]
[PlyCount "51"]
[EventDate "2019.07.29"]
[EventType "swiss"]
[EventRounds "7"]
[EventCountry "GBR"]

1. e4 c5 2. Nc3 Nc6 3. f4 g6 4. Nf3 Bg7 5. Bb5 Nd4 6. O-O a6 7. Bd3 d6 8. Nxd4
cxd4 9. Ne2 e6 10. c3 dxc3 11. bxc3 Ne7 12. Bc2 O-O 13. d3 Bd7 14. Bd2 Rc8 15.
Rc1 b5 16. Rf3 f5 17. Bb3 Kh8 18. Nd4 b4 19. Nxe6 Bxe6 20. Bxe6 bxc3 21. Be3
Rb8 22. Qa4 fxe4 23. dxe4 Ng8 24. Bd4 Qe7 25. f5 Nf6 26. Rfxc3 1-0